The role of information systems in Islamic banking : an ethnographic study /
Saved in:
| Main Author: | |
|---|---|
| Format: | Thesis |
| Language: | English |
| Published: |
London :
London School of Economics and Political Science,
2005
|
| Subjects: | |
| Tags: |
Add Tag
No Tags, Be the first to tag this record!
|
| LEADER | 012120000a22002650004500 | ||
|---|---|---|---|
| 008 | 111124t2005 xxk ag m 000 0 eng d | ||
| 040 | |a UIAM |b eng | ||
| 050 | 0 | 0 | |a HG3368.A6 |
| 100 | 1 | |a Haq, Mian Farooq |9 112150 | |
| 245 | 1 | 4 | |a The role of information systems in Islamic banking : |b an ethnographic study / |c by Mian Farooq Haq |
| 260 | |a London : |b London School of Economics and Political Science, |c 2005 | ||
| 300 | |a 235 leaves : |b ill. ; |c 30 cm. | ||
| 336 | |2 rdacontent | ||
| 337 | |2 rdamedia | ||
| 338 | |2 rdacarrier | ||
| 500 | |a "A dissertation submitted in the fulfilment of the requirement for the award of the degree of doctor of Philosophy in the Faculty of Economics at the University of London."--On t. p. | ||
| 502 | |a Thesis (Ph. D.)--University of London, 2005. | ||
| 504 | |a Includes bibliographical references (leaves 200-235). | ||
| 650 | 0 | |a Banks and banking, Islamic |9 2310 | |
| 655 | 0 | 7 | |a Theses, Facsimile edition (Islamic) |
| 710 | 2 | |a University of London |9 39878 | |
| 900 | |a hj-mrm | ||
| 942 | |2 lcc |n 0 | ||
| 999 | |c 434182 |d 465817 | ||
| 952 | |0 0 |6 TI HG 003368 A6 H253R 2005 |7 0 |8 THESES |9 757144 |a IIUM |b IIUM |c MULTIMEDIA |g 640.00 |o ti HG 3368 A6 H253R 2005 |p 00011196631 |r 2017-10-23 |t 1 |v 640.00 |y THESIS | ||
